000 00715nam a2200205 i 4500
001 150086
003 ES-MaACL
005 20250405233719.0
007 t|
008 071026s1971 sp |||| | spa d
100 1 _aValls, Francisco Javier.
_9112930
245 1 3 _aLa filosofía del derecho de Dorado Montero /
_cFrancisco Javier Valls.
260 _aGranada :
_bUniversidad, Departamento de Filosofía del Derecho, Cátedra Francisco Suárez,
_c1971.
300 _a124 p. ;
_c25 cm.
600 1 4 _aDorado Montero, Pedro,
_d1861-1919
_945376
710 2 _aUniversidad de Granada.
_bCátedra Francisco Suárez.
_97178
852 _aES-MaACL
_jC-43041
852 _aES-MaACL
_jC-43038
999 _c150086
_d150086